000 00659nab a22002057a 4500
003 KOHA_MİRAKIL
005 20251209090354.0
008 251209b tu ||||| |||| 00| 0 tur d
022 _a1303-9210
040 _aTR-AnANB
_btur
_cTR-AnANB
041 _atur
100 1 _aAlçın, Ayşe Aslı.
_cDr. Öğr. Üyesi.
245 1 0 _aİdari Yargıda Tanık Dinletilememesi Sorunu ve AİHM’nin Dilek Genç v. Türkiye Kararı Üzerine Kısa Bir Değerlendirme /
_cAyşe Aslı Alçın.
250 _a1. Baskı.
260 _aİstanbul :
_bLegal Yayıncılık,
_c2025
300 _aSayfa 3679-3702
310 _aaylık
650 0 0 _amakale
942 _2ddc
_cAR
999 _c40124
_d40124